Countries with Aircraft Carriers - Statistics

General Stats
  • This quiz has been taken 33 times
  • The average score is 10 of 12
Answer Stats
Number of Aircraft Carriers Country % Correct
2 China
100%
2 Japan
100%
11 United States
100%
1 Russia
97%
1 France
94%
2 United Kingdom
94%
2 India
81%
1 Brazil
78%
2 Italy
78%
1 Spain
75%
1 Turkey
72%
1 Thailand
41%
No matching quizzes found
Score Distribution
Percent of People with Each Score
Percentile by Number Answered
Your Score History
You have not taken this quiz